000 00911nam a2200217 a 4500
003 BD-RjUL
005 20211212151036.0
008 211212r19881986bg ||||| |||| 00| 0 ben d
020 _c: Tk. 55.00
035 _a(BD-RjUL)
040 _aBD-RjUL
_bben
_cBD-RjUL
041 _aben
082 _a323.2095492
_bAHS 1988
100 _aআহমদ, বদরুদ্দিন
_9145364
245 1 0 _aস্বাধীনতা সংগ্রামের নেপথ্য কাহিনী /
_cবদরুদ্দিন আহমদ
260 _aঢাকা :
_bনওরোজ সাহিত্য সম্ভার,
_c১৯৮৬ [মুর্দ্রণ ১৯৮৮]
300 _a১১৫, [৩] পৃ. ;
_c১৯ সেমি.
651 _aবাংলাদেশ
_xইতিহাস
_y১৯০৫-১৯৭৫
_9246937
651 _aBangladesh
_xHistory
_y1905-1975
_9246938
942 _2ddc
_cBK
999 _c78986
_d78986